Estudio integral de los recursos de agua de la Cuenca del Río Polochic / (Registro nro. 247)
[ vista simple ]
| 000 -LEADER | |
|---|---|
| campo de control de longitud fija | 01578nam a2200325 i 4500 |
| 001 - NÚMERO DE CONTROL | |
| campo de control | 42835 |
| 003 - IDENTIFICADOR DE NÚMERO DE CONTROL | |
| campo de control | gtgccic |
| 005 - FECHA Y HORA DE LA ÚLTIMA TRANSACCIÓN | |
| campo de control | 20250205145206.0 |
| 007 - CAMPO FIJO DE DESCRIPCIÓN FÍSICA--INFORMACIÓN GENERAL | |
| campo de control de longitud fija | ta |
| 008 - DATOS DE LONGITUD FIJA--INFORMACIÓN GENERAL | |
| campo de control de longitud fija | 250205| gt ||||| |||| 00| 0 spa d |
| 040 ## - FUENTE DE CATALOGACIÓN | |
| Centro catalogador/agencia de origen | gtgccic |
| Lengua de catalogación | spa |
| Centro/agencia transcriptor | gtgccic |
| Normas de descripción | rda |
| 084 ## - OTRO NÚMERO DE CLASIFICACIÓN | |
| Número de control del registro de autoridad o número normalizado | C-74-1037 |
| 100 10 - ENTRADA PRINCIPAL--NOMBRE DE PERSONA | |
| Nombre de persona | Guinea Morales, Walter Gerardo |
| Fechas asociadas al nombre | 1974 |
| Término indicativo de función/relación | Autor |
| 245 10 - MENCIÓN DEL TÍTULO | |
| Título | Estudio integral de los recursos de agua de la Cuenca del Río Polochic / |
| Mención de responsabilidad, etc. | Walter Gerardo Guinea Morales. |
| 264 #1 - PRODUCCIÓN, PUBLICACIÓN, DISTRIBUCIÓN, FABRICACIÓN Y COPYRIGHT | |
| Producción, publicación, distribución, fabricación y copyright | Guatemala, Guatemala : |
| Nombre del de productor, editor, distribuidor, fabricante | Facultad de Ingeniería, Universidad de San Carlos de Guatemala, |
| Fecha de producción, publicación, distribución, fabricación o copyright | 1974. |
| 300 ## - DESCRIPCIÓN FÍSICA | |
| Extensión | 95 páginas : |
| Otras características físicas | Ilustraciones, |
| Dimensiones | 27 cm |
| 336 ## - TIPO DE CONTENIDO | |
| Fuente | rdacontenido |
| Término de tipo de contenido | Texto |
| Código de tipo de contenido | txt |
| 337 ## - TIPO DE MEDIO | |
| Fuente | rdamedio |
| Nombre/término del tipo de medio | sin mediación |
| Código del tipo de medio | n |
| 338 ## - TIPO DE SOPORTE | |
| Fuente | rdasoporte |
| Nombre/término del tipo de soporte | volumen |
| Código del tipo de soporte | nc |
| 502 ## - NOTA DE TESIS | |
| Nota de tesis | Ingeniero Civil, |
| Tipo de título | Tesis de Grado, |
| Nombre de la institución que otorga el título | Usac, |
| Año de obtención del título | 1974. |
| Identificador de la tesis | C741034 |
| 504 ## - NOTA DE BIBLIOGRAFÍA, ETC. | |
| Nota de bibliografía, etc. Nota | Bibliografía páginas 94-95 |
| 520 #3 - RESUMEN, ETC. | |
| Sumario, etc. | El presente trabajo es un estudio realizado a uno de los recursos más importantes el "Agua". La Universidad de San Carlos, atraves de la Facultad de Ingeniería y otras escuelas tienen incluidos dentro de sus presupuestos se incluyen los estudio se investigaciones para encontrar correctivos que preserven el sistema ecológico.<br/><br/>Por ello se presenta esta tesis sobre la importancia de estudiar las características, extensión, caudales y otros factores de la Cuenca de Río Polochic. |
| 546 ## - NOTA DE IDIOMA | |
| Nota de lengua/lenguaje | Español |
| 650 14 - PUNTO DE ACCESO ADICIONAL DE MATERIA--TÉRMINO DE MATERIA | |
| Término de materia o nombre geográfico como elemento de entrada | Recursos Hidrológicos |
| 650 14 - PUNTO DE ACCESO ADICIONAL DE MATERIA--TÉRMINO DE MATERIA | |
| Término de materia o nombre geográfico como elemento de entrada | Hidrología |
| 650 14 - PUNTO DE ACCESO ADICIONAL DE MATERIA--TÉRMINO DE MATERIA | |
| Término de materia o nombre geográfico como elemento de entrada | Pluviometría |
| 700 10 - ENTRADA AGREGADA--NOMBRE PERSONAL | |
| Nombre de persona | Pellecer Zelada, Benigno |
| Término indicativo de función/relación | Asesor |
| 942 ## - ELEMENTOS DE ENTRADA SECUNDARIOS (KOHA) | |
| Préstamos Koha (prestado), todas las copias | tesis |
| Tipo de ítem Koha | TESIS |
| Prefijo de la signatura | C741037 |
| Suprimir en OPAC | No |
| 945 ## - PROCESAMIENTO DE INFORMACIÓN LOCAL (OCLC) | |
| a | MC |
| Estatus retirado | Estado de pérdida | Estado de daño | No para préstamo | Biblioteca de origen | Biblioteca actual | Fecha de adquisición | Número de inventario | Total de préstamos | Signatura topográfica completa | Código de barras | Visto por última vez | Precio de reemplazo | Tipo de ítem Koha | Nota pública |
|---|---|---|---|---|---|---|---|---|---|---|---|---|---|---|
| CENTRO DE INFORMACIÓN A LA CONSTRUCCIÓN-CICON | CENTRO DE INFORMACIÓN A LA CONSTRUCCIÓN-CICON | 05/02/2025 | T19741037 | C-74-1037 | TC19741037 | 05/02/2025 | 05/02/2025 | TESIS | Disponible |